| 000 | 00862nam a2200325 a 4500 | ||
|---|---|---|---|
| 003 | AR-BaBNM | ||
| 005 | 20251128202821.0 | ||
| 008 | 082120s2002 ||||||||||||||000 | spa|| | ||
| 040 | _cAR-BaBNM | ||
| 100 | 1 | _aGuy, Alain | |
| 245 | 0 | 0 | _aFray Luis de León |
| 260 |
_aBuenos Aires _bColumba _c1963 |
||
| 300 |
_a91 p. _bil. |
||
| 490 | 0 |
_aHombres inquietos _vv. 6 |
|
| 500 | _aContiene referencias bibliográficas en p. 88 | ||
| 650 | 4 | _aLITERATURA ESPAÑOLA | |
| 650 | 4 | _aCRITICA LITERARIA | |
| 650 | 4 | _aBIOGRAFIAS | |
| 650 | 4 | _aFILOSOFIA LITERARIA | |
| 650 | 4 | _aCRISTIANISMO | |
| 650 | 4 | _aFILOSOFOS | |
| 650 | 4 | _aRENACIMIENTO | |
| 653 | _aINFLUENCIA CLASICA | ||
| 653 | _aBARROCO | ||
| 655 | _aBIOGRAFIAS | ||
| 700 | 1 |
_aVaccaro, Alberto José _etraductor |
|
| 800 | 1 |
_aSciacca, Michele Federico _edirector |
|
| 942 | _cBK | ||
| 998 | _cMARTIN | ||
| 999 |
_c717 _d717 |
||